| 000 | 00530nam a2200181Ia 4500 | ||
|---|---|---|---|
| 001 | 17076 | ||
| 005 | 20260306170358.0 | ||
| 008 | 260306t2008||||xx |||||||||||||| ||und|| | ||
| 041 | _aESP | ||
| 082 |
_a657.45 _bI61 |
||
| 100 |
_aInternational Federation of Accountants _eAUT |
||
| 245 | 0 |
_aAuditoría financiera de PYMES: _bguia para usar los estándares internacionales de auditoría en las PYMES |
|
| 260 | _c2008 | ||
| 300 |
_axiii, 420 páginas : _c24 cm. |
||
| 650 | _aGEN | ||
| 654 | _aCCO | ||
| 942 |
_cLIB _dJUS _fJUS _2ddc _n |
||
| 999 |
_c17076 _d17076 |
||